Movies Quiz

Random Movies or Cast Quiz

Movie Cast Match (2014) Quiz Stats

 Plays Quiz Updated Dec 21, 2015

Score 0/40 Timer 08:00
3 Plays Today
% Correct
The Hunger Games: Mockingjay - Part 1
89.3%
22 Jump Street
88.5%
Night at the Museum: Secret of the Tomb
87.5%
X-Men: Days of Future Past
86.2%
Dumb and Dumber To
86%
Maleficent
83.3%
The Expendables 3
83.2%
Guardians of the Galaxy
82.1%
The Amazing Spider-Man 2
82%
Captain America: The Winter Soldier
81.9%
Neighbors
81.1%
Gone Girl
80.2%
Birdman: Or (The Unexpected Virtue of Ignorance)
78.4%
Horrible Bosses 2
77.6%
The Hobbit: The Battle of the Five Armies
77.5%
Lucy
76.2%
The Imitation Game
75.2%
The Monuments Men
74.5%
The Interview
74.4%
The Theory of Everything
73.4%
% Correct
Tammy
73.3%
Interstellar
73%
Edge of Tomorrow
72.8%
The LEGO Movie
72.2%
A Million Ways to Die in the West
71.6%
John Wick
69.6%
Noah
69%
Blended
67.3%
Into the Woods
66.9%
Foxcatcher
66.8%
How to Train Your Dragon 2
66.6%
Veronica Mars
66.3%
Divergent
65.9%
Annie
64.3%
Nightcrawler
64.1%
Big Hero 6
63.4%
Fury
63.3%
Whiplash
63.2%
The Fault in Our Stars
62.7%
The Grand Budapest Hotel
62.5%

You're not logged in!

Compare scores with friends on all Sporcle quizzes.
OR
Log In

You Might Also Like...

Show Comments

Extras

Top Quizzes Today


Score Distribution

Your Account Isn't Verified!

In order to create a playlist on Sporcle, you need to verify the email address you used during registration. Go to your Sporcle Settings to finish the process.

Report this User

Report this user for behavior that violates our Community Guidelines.

Details: